LEADER 01161nam a2200265 i 4500 001 000000149976 003 CaOOAMICUS 005 20060504000000.0 008 060504s1995 it u000 u ita u 013 $a127308 040 $aSeMil$bita 245 10$aDal tardo Duecento ai primi del Quattrocento /$csaggi di Sandrina Bandera ... [et al.]. 260 $aTorino :$bIstituto Bancario San Paolo di Torino,$ccopyr. 1995. 300 $a253 p. :$briccamente ill. ;$c30 cm. 490 0 $aPittura murale in Italia ;$v1 500 $aIn custodia. - Dono del Card. Dionigi Tettamanzi. 700 1 $aBandera, Sandrina.$0(OLS)http://semarc/name/19512 700 1 $aGregori, Mina,$d<1924- >.$0(OLS)http://semarc/name/5645 830 0$aPittura murale in Italia ;$v1.$0(OLS)http://semarc/title/15561 850 $aSeMil 852 $aSeMil$W1$xVenegono$y1$m5I XI 49$j102154$B102154$CSeMilBibl$Z2$F110909 $81 941 1 $a5 961 $aOmaggio: Tettamanzi Card. Dionigi 996 $6245$aDal tardo Duecento ai primi del Quattrocento$9(OLS)http://semarc/title/219268 996 $6260$aTorino :$bIstituto Bancario San Paolo di Torino$9(OLS)http://semarc/publisher/44540 LEADER 01193nam a2200253 i 4500 001 000000072791 003 CaOOAMICUS 005 20090416000000.0 008 090416s1956 xxu u000 u mul u 013 $a43963 040 $aSeMil$bita 100 1 $aHus, Jan,$c.$0(OLS)http://semarc/name/5972 245 10$aTractatus De ecclesia /$cMagistri Johannis Hus ; e fontibus manu scriptis in lucem edidit S. Harrison Thomson. 260 $aCambridge :$bW. Heffer,$c1956. 260 $aBoulder :$bUniversity of Colorado Press,$c1956. 300 $axxxiv, 251 p. ;$c24 cm. 650 4$aChiesa cattolica - Controversie - Ante 1800.$0(OLS)http://semarc/subject/4412 650 4$aHussiti - Storia - Fonti.$0(OLS)http://semarc/subject/14741 700 1 $aThomson, Samuel Harrison <1895- >.$0(OLS)http://semarc/name/36062 850 $aSeMil 852 $aSeMil$W1$xVenegono$y1$m2Q II 286$j38944$B38944$CSeMilBibl$Z2$F38947 $81 996 $6245$aTractatus De ecclesia$9(OLS)http://semarc/title/117366 996 $6260$aBoulder :$bUniversity of Colorado Press$9(OLS)http://semarc/publisher/43063 996 $6260$aCambridge :$bW. Heffer$9(OLS)http://semarc/publisher/43064